| Tag |
First Indicator |
Second Indicator |
Subfields |
| LEADER |
00000nam a2200000Ia 4500 |
| 001 |
in00004243136 |
| 005 |
20200807091743.0 |
| 006 |
m g d |
| 007 |
cr bn |||a|bb| |
| 008 |
840314s1694 enkc o 00| | eng d |
| 035 |
|
|
|a (OCoLC)10521921
|
| 040 |
|
|
|a UMI
|c UMI
|d WaOLN
|
| 037 |
|
|
|a CL0037000048
|b ProQuest Information and Learning. 300 N. Zeeb Rd., Ann Arbor, MI 48106
|
| 049 |
|
|
|a UMIA
|
| 090 |
|
|
|a RC629
|b .A84
|
| 100 |
1 |
|
|a Atkins, William.
|
| 245 |
1 |
2 |
|a A discourse shewing the nature of the gout :
|b with directions to such remedies as will immediately take away the pain ... : and also helps for palsies, plurisies, cholick, convulsions in limbs ... : with receipts and directions for the cure of the king's evil and other diseases /
|c by W. Atkins.
|
| 260 |
|
|
|a London :
|b Printed for Tho. Fabian,
|c 1694.
|
| 300 |
|
|
|a 1 online resource (xvi, 128 pages :
|b portrait.
|
| 336 |
|
|
|a text
|b txt
|2 rdacontent
|
| 337 |
|
|
|a computer
|b c
|2 rdamedia
|
| 338 |
|
|
|a online resource
|b cr
|2 rdacarrier
|
| 500 |
|
|
|a Reproduction of original in the British Library.
|
| 510 |
4 |
|
|a Wing
|c A4125.
|
| 533 |
|
|
|a Electronic reproduction.
|b Ann Arbor, Mich. :
|c UMI,
|d 1999-
|f (Early English books online)
|n Digital version of: (Early English books, 1641-1700 ; 1394:20)
|7 s1999 miun s
|
| 650 |
|
0 |
|a Gout
|v Early works to 1800.
|
| 650 |
|
0 |
|a Medicine
|v Early works to 1800.
|
| 830 |
|
0 |
|a Early English books online.
|
| 856 |
4 |
0 |
|u http://proxy.library.tamu.edu/login?url=https://search.proquest.com/docview/2248494381
|z Connect to the full text of this electronic book
|t 0
|
| 999 |
f |
f |
|s fb6abb83-6f53-3ec7-bdc4-fe500e76ef7a
|i 47be0e66-b04e-396e-9cdf-68d1ca2b194e
|t 0
|
| 952 |
f |
f |
|a Texas A&M University
|b College Station
|c Electronic Resources
|d Available Online
|t 0
|e RC629 .A84
|h Library of Congress classification
|
| 998 |
f |
f |
|a RC629 .A84
|t 0
|l Available Online
|